000 nam a22 7a 4500
999 _c126911
_d126911
008 170905b xxu||||| |||| 00| 0 eng d
050 _aBX1220.K43 2000
100 _aKeating, Karl
_935634
245 _aThe usual suspects
_bAnsering anti-catholic fundamentalists
_c/ Karl Keating
260 _aSan Francisco
_bIgnatius Press
_c2000
300 _a195p. ;
_c21cm.
650 _aCatholic church
_xDoctrines
_94786
650 _aAnti-Catholicism
_xUnited States
_935635
650 _aFundamentalism
_xUnited States
_935636
942 _2lcc
_cMONOGRAPH